000 00755nam a2200253Ia 4500
003 OSt
005 20221002055138.0
006 a|||||r|||| 00| 0
007 ta
008 220930b |||||||| |||| 00| 0 eng d
024 _a76983
037 _cReference Collections
040 _aCRL
_cCRL
_beng
041 _2eng
_aeng
082 _aU:1k, J4; J7(RR)
100 _aCollocott T C Ed.
_9345825
245 0 _aCHAMBERS'S WORLD gazetteer and geographical dictionary
260 _aEdinburgh
_bThistle Street Edinburgh
_c1962
300 _a799p.
_ccm.
650 _aGEOGRAPHY
700 _a Thorne J O Ed.
_9571502
942 _hU:1k, J4; J7(RR)
_cref
_2CC
999 _c926922
_d926922